000 00354 a2200157 4500
001 72222
020 _a8533901216
040 _cAnchieta - Colégio São Paulo
100 _aVíveros, Lílian Cristina
240 1 0 _aMiguel Strogoff
_lpor
245 1 0 _aMiguel Strogoff
300 _a48
362 0 _a2001
650 4 _aLiteratura infantil
942 _cBK
999 _c72222
_d72222